El momento constitucional (Record no. 142201)

MARC details
000 -LEADER
campo de control de longitud fija 00502nam a2200145 i 4500
001 - NÚMERO DE CONTROL
campo de control 142201
003 - IDENTIFICADOR DE NÚMERO DE CONTROL
campo de control ES-MaACL
007 - CAMPO FIJO DE DESCRIPCIÓN FÍSICA--INFORMACIÓN GENERAL
campo de control de longitud fija t|
008 - DATOS DE LONGITUD FIJA--INFORMACIÓN GENERAL
campo de control de longitud fija 071003s1929 sp ||||1| spa d
100 1# - ENTRADA PRINCIPAL--NOMBRE DE PERSONA
Nombre de persona Villanueva, Francisco.
9 (RLIN) 115019
245 13 - MENCIÓN DEL TÍTULO
Título El momento constitucional
Resto del título : crónica de actuaciones públicas y privadas para salir de la dictadura en España /
Mención de responsabilidad, etc. Francisco Villanueva.
260 ## - PUBLICACIÓN, DISTRIBUCIÓN, ETC.
Lugar de publicación, distribución, etc. Madrid :
Nombre del editor, distribuidor, etc. [s.n.],
Fecha de publicación, distribución, etc. 1929 (
Fabricante Sucesores de F. Peña)
300 ## - DESCRIPCIÓN FÍSICA
Extensión 391 p. ;
Dimensiones 20 cm.
852 ## - LOCALIZACIÓN
Ubicación ES-MaACL
Número de control de estantería B-3637
Holdings
Estatus retirado Estado de pérdida Estado de daño No para préstamo Biblioteca de origen Biblioteca actual Ubicación en estantería Fecha de adquisición Fuente de adquisición Total de préstamos Signatura topográfica completa Código de barras Visto por última vez Precio de reemplazo Tipo de ítem Koha
        Biblioteca del Ateneo de Madrid Biblioteca del Ateneo de Madrid Sala Pardo Bazán 17/01/2008     B-3637 1147958 23/02/2023 23/02/2023 Libro impreso